| 000 | 00526nam a2200145 a 4500 | ||
|---|---|---|---|
| 008 | 160901s2006 ||||||||||||||||| || u | ||
| 020 | _a9780007256068 | ||
| 050 | _aBP 75 Arm | ||
| 100 | _aArmstrong, Karen | ||
| 245 | 1 | 0 |
_aMuhammad: prophet of our time _cBy Karen Armstrong |
| 260 |
_aLondon _bAtlas Books _c2006 |
||
| 300 | _a249p.: ill. | ||
| 650 | _aMUHAMMAD, PROPHET | ||
| 995 |
_FCBU-MAIN LIBRARY (Kitwe) _M1 _UAVAILABLE _WSep 23, 2016 _ZMain Library Open Access Collection |
||
| 999 |
_c51751 _d51751 |
||